000 00557nam a2200193Ia 4500
003 GCL
008 140319s9999 xx 000 0 ara d
040 _aGCL /
_cGCL
082 0 4 _a811.9
_bم ب
100 1 _aمحمد رخا
245 1 0 _aبروتوكولات حكماء صهيون بالزجل /
_cمحمد رخا
300 _a54 ص
490 _aالهيئة العامة للاستعلامات
_v0
650 0 4 _aالشعر العربى
650 0 4 _aالادب العربى
650 0 4 _aاسرائيل
650 0 4 _aالزجل
942 _2ddc
_cBK
999 _c50992
_d50992